[Event "Torneo Distrito Chamartin 2015"]
[Site "Madrid ESP"]
[Date "2015.09.08"]
[Round "3.4"]
[White "Bolado Saez, Sergio"]
[Black "Anton Veiga, Juan Carlos"]
[Result "1/2-1/2"]
[WhiteElo "2365"]
[BlackElo "2051"]
[PlyCount "64"]
[EventDate "2015.09.06"]
[EventType "swiss"]
[EventRounds "9"]
[EventCountry "ESP"]
[SourceTitle "Ajedrez en Madrid"]
[Source "lmi"]
[SourceDate "2015.09.06"]
[SourceVersion "1"]
[SourceVersionDate "2015.09.17"]
[SourceQuality "1"]

1. d4 d5 2. c4 e6 3. Nf3 Nf6 4. Nc3 Be7 5. Bf4 O-O 6. e3 Nbd7 7. c5 Nh5 8. Bg3
Nxg3 9. hxg3 b6 10. b4 a5 11. a3 c6 12. Rb1 axb4 13. axb4 bxc5 14. bxc5 h6 15.
Be2 e5 16. O-O Ba6 17. Qb3 Qc7 18. Bxa6 Rxa6 19. Qb7 Ra7 20. Qxc7 Rxc7 21. Rb3
Bf6 22. Ra1 exd4 23. exd4 Rfc8 24. Ra4 Nf8 25. Ne1 Ne6 26. Nc2 g6 27. Kf1 Re8
28. Ne2 Kg7 29. Ke1 Rce7 30. Rc3 Rb8 31. Ra6 Rb2 32. Kd1 Rc7 1/2-1/2

[Event "Torneo Distrito Chamartin 2015"]
[Site "Madrid ESP"]
[Date "2015.09.08"]
[Round "3.5"]
[White "Soto Martin, Pablo"]
[Black "Martinez Reyes, Pedro Ramon"]
[Result "0-1"]
[WhiteElo "2035"]
[BlackElo "2358"]
[PlyCount "72"]
[EventDate "2015.09.06"]
[EventType "swiss"]
[EventRounds "9"]
[EventCountry "ESP"]
[SourceTitle "Ajedrez en Madrid"]
[Source "lmi"]
[SourceDate "2015.09.06"]
[SourceVersion "1"]
[SourceVersionDate "2015.09.17"]
[SourceQuality "1"]

1. e4 c5 2. Nf3 Nc6 3. Bb5 d6 4. Bxc6+ bxc6 5. O-O Bg4 6. h3 Bh5 7. Re1 Nf6 8.
e5 dxe5 9. Rxe5 e6 10. Nc3 Bd6 11. Re1 O-O 12. d3 Nd5 13. Ne4 Be7 14. a3 f6 15.
Ng3 Bf7 16. Qe2 Re8 17. d4 a5 18. c4 Nb6 19. Be3 cxd4 20. Nxd4 Bf8 21. Rac1 Qc7
22. Ne4 e5 23. Nf5 Be6 24. Nfg3 c5 25. Nf1 h6 26. f3 f5 27. Ned2 Rad8 28. Bf2
Bf7 29. Ne3 g6 30. Red1 Qb7 31. Rb1 Qa6 32. b3 Qc8 33. Nc2 Qc6 34. b4 Qa4 35.
Ne1 Qxa3 36. bxc5 Na4 0-1

[Event "Torneo Distrito Chamartin 2015"]
[Site "Madrid ESP"]
[Date "2015.09.08"]
[Round "3.6"]
[White "Garcia Galeote, Lorenzo"]
[Black "Fernandez Lledo, Javier"]
[Result "0-1"]
[WhiteElo "1954"]
[BlackElo "2286"]
[PlyCount "54"]
[EventDate "2015.09.06"]
[EventType "swiss"]
[EventRounds "9"]
[EventCountry "ESP"]
[SourceTitle "Ajedrez en Madrid"]
[Source "lmi"]
[SourceDate "2015.09.06"]
[SourceVersion "1"]
[SourceVersionDate "2015.09.17"]
[SourceQuality "1"]

1. c4 Nf6 2. Nc3 g6 3. e4 d6 4. Nge2 Bg7 5. d4 O-O 6. Ng3 e5 7. d5 a5 8. Be2
Na6 9. h4 Nc5 10. h5 c6 11. Be3 cxd5 12. cxd5 Qb6 13. Qd2 Bd7 14. Bxc5 Qxc5 15.
a4 Ng4 16. Bxg4 Bxg4 17. f3 Bd7 18. Rc1 Rac8 19. Nge2 Qb4 20. g4 Bxa4 21. Ng3
Qd4 22. Ra1 Bb3 23. Qxd4 exd4 24. Nb5 d3 25. Kd2 Bh6+ 26. Ke1 Rc1+ 27. Rxc1 d2+
0-1

[Event "Torneo Distrito Chamartin 2015"]
[Site "Madrid ESP"]
[Date "2015.09.08"]
[Round "3.7"]
[White "Porras Fernandez, Alberto"]
[Black "Suarez Uriel, Adrian"]
[Result "0-1"]
[WhiteElo "1802"]
[BlackElo "2224"]
[PlyCount "44"]
[EventDate "2015.09.06"]
[EventType "swiss"]
[EventRounds "9"]
[EventCountry "ESP"]
[SourceTitle "Ajedrez en Madrid"]
[Source "lmi"]
[SourceDate "2015.09.06"]
[SourceVersion "1"]
[SourceVersionDate "2015.09.17"]
[SourceQuality "1"]

1. e4 d6 2. d4 Nf6 3. Nc3 e5 4. Nf3 Nbd7 5. Bc4 Be7 6. O-O Nb6 7. Bb3 exd4 8.
Nxd4 c5 9. Nf5 Bxf5 10. exf5 c4 11. Ba4+ Nxa4 12. Nxa4 O-O 13. Nc3 Qd7 14. Nd5
Bd8 15. Qf3 Re8 16. Rd1 Re5 17. Ne3 Rc8 18. b3 b5 19. bxc4 bxc4 20. Rd4 Bb6 21.
Rf4 d5 22. Ng4 Re1# 0-1

[Event "Torneo Distrito Chamartin 2015"]
[Site "Madrid ESP"]
[Date "2015.09.08"]
[Round "3.8"]
[White "Camarero Izquierdo, Juan Carlo"]
[Black "Bento Iglesias, Pablo"]
[Result "0-1"]
[WhiteElo "1873"]
[BlackElo "1860"]
[PlyCount "94"]
[EventDate "2015.09.06"]
[EventType "swiss"]
[EventRounds "9"]
[EventCountry "ESP"]
[SourceTitle "Ajedrez en Madrid"]
[Source "lmi"]
[SourceDate "2015.09.06"]
[SourceVersion "1"]
[SourceVersionDate "2015.09.17"]
[SourceQuality "1"]

1. d4 d5 2. Nc3 Nf6 3. Bg5 Nbd7 4. Qd3 e6 5. e4 dxe4 6. Nxe4 Be7 7. Bxf6 Bxf6
8. O-O-O Nb6 9. Nf3 Qe7 10. g4 h6 11. Nc5 Bd7 12. Nxd7 Qxd7 13. Bg2 O-O-O 14.
h4 Qd6 15. Kb1 Qf4 16. Rhe1 e5 17. Qa3 e4 18. g5 exf3 19. Bh3+ Kb8 20. gxf6
Qxf6 21. Bg4 Rxd4 22. Rxd4 Qxd4 23. Qxf3 Nc4 24. Qc3 Qxf2 25. Rc1 Nd2+ 26. Ka1
Qf4 27. Rg1 f6 28. a4 Qxa4+ 29. Qa3 Qxc2 30. Bh3 Nc4 31. Qb4 a5 32. Qc3 Qxc3
33. bxc3 g5 34. h5 Ne3 35. Rg3 Re8 36. Bd7 Re7 37. Bb5 f5 38. Kb1 f4 39. Rf3 c6
40. Bd3 Rd7 41. Be4 Kc7 42. Kb2 b5 43. Kb3 Kb6 44. Bg6 Rd2 45. c4 Nxc4 46. Kc3
Kc5 47. Bb1 a4 0-1

[Event "Torneo Distrito Chamartin 2015"]
[Site "Madrid ESP"]
[Date "2015.09.08"]
[Round "3.9"]
[White "Martinez Rubio, Felipe"]
[Black "Garcia-Maurino Ayora, Gabriel"]
[Result "1/2-1/2"]
[WhiteElo "1735"]
[BlackElo "1508"]
[PlyCount "72"]
[EventDate "2015.09.06"]
[EventType "swiss"]
[EventRounds "9"]
[EventCountry "ESP"]
[SourceTitle "Ajedrez en Madrid"]
[Source "lmi"]
[SourceDate "2015.09.06"]
[SourceVersion "1"]
[SourceVersionDate "2015.09.17"]
[SourceQuality "1"]

1. d4 d5 2. Nf3 c6 3. Bf4 Bf5 4. e3 Nf6 5. Be2 e6 6. O-O Nbd7 7. c4 Be7 8. Nc3
O-O 9. Nh4 Be4 10. Nf3 Bg6 11. h3 Bb4 12. a3 Bxc3 13. bxc3 Ne4 14. Qb3 Qc8 15.
Rfd1 Re8 16. cxd5 exd5 17. Nh4 Nf8 18. c4 Rd8 19. Nxg6 Nxg6 20. Bg4 dxc4 21.
Qc2 f5 22. Qxc4+ Rd5 23. Bf3 Kh8 24. Bh2 Qe6 25. Rac1 Nh4 26. Qe2 Rf8 27. Bf4
Qg6 28. Kh1 Rb5 29. Rg1 Qe6 30. Be5 Rf7 31. Bh5 Re7 32. Qe1 Rb2 33. Bg3 Ng6 34.
Bxg6 Qxg6 35. Rd1 h6 36. Kh2 Re6 1/2-1/2

[Event "Torneo Distrito Chamartin 2015"]
[Site "Madrid ESP"]
[Date "2015.09.08"]
[Round "4.1"]
[White "Roa Alonso, Santiago"]
[Black "Fernandez Lledo, Javier"]
[Result "1/2-1/2"]
[WhiteElo "2383"]
[BlackElo "2286"]
[PlyCount "63"]
[EventDate "2015.09.06"]
[EventType "swiss"]
[EventRounds "9"]
[EventCountry "ESP"]
[SourceTitle "Ajedrez en Madrid"]
[Source "lmi"]
[SourceDate "2015.09.06"]
[SourceVersion "1"]
[SourceVersionDate "2015.09.17"]
[SourceQuality "1"]

1. e4 c5 2. Nf3 Nc6 3. d4 cxd4 4. Nxd4 g6 5. Nc3 Bg7 6. Nb3 Nf6 7. Be2 O-O 8.
O-O d6 9. Re1 a6 10. Bf1 b5 11. a4 b4 12. Nd5 Nd7 13. Ra2 Rb8 14. Bg5 h6 15.
Bh4 g5 16. Bg3 Nde5 17. f3 e6 18. Ne3 Qe7 19. Re2 Bb7 20. Rd2 Rfd8 21. c3 bxc3
22. bxc3 Ba8 23. Nd4 Nxd4 24. cxd4 Nc6 25. Bf2 Nb4 26. Rab2 Rdc8 27. Nc2 a5 28.
Bb5 d5 29. e5 Bc6 30. Na3 Qd7 31. h4 f5 32. hxg5 1/2-1/2

[Event "Torneo Distrito Chamartin 2015"]
[Site "Madrid ESP"]
[Date "2015.09.08"]
[Round "4.2"]
[White "Martinez Reyes, Pedro Ramon"]
[Black "Suarez Uriel, Adrian"]
[Result "0-1"]
[WhiteElo "2358"]
[BlackElo "2224"]
[PlyCount "62"]
[EventDate "2015.09.06"]
[EventType "swiss"]
[EventRounds "9"]
[EventCountry "ESP"]
[SourceTitle "Ajedrez en Madrid"]
[Source "lmi"]
[SourceDate "2015.09.06"]
[SourceVersion "1"]
[SourceVersionDate "2015.09.17"]
[SourceQuality "1"]

1. Nf3 g6 2. c4 Bg7 3. Nc3 Nf6 4. g3 O-O 5. Bg2 d6 6. d4 Nc6 7. O-O a6 8. Qd3
Nb4 9. Qd2 a5 10. a3 Na6 11. b4 c6 12. b5 Nb8 13. Bb2 Nbd7 14. Rfd1 Nb6 15. Qd3
d5 16. Ne5 Bf5 17. e4 Nxe4 18. Nxe4 Bxe4 19. Bxe4 dxe4 20. Qxe4 cxb5 21. Qxb7
Nxc4 22. Qxb5 Nxb2 23. Qxb2 Qd5 24. Rab1 Rfd8 25. Qe2 Rab8 26. Rbc1 Rbc8 27.
Nc4 Bxd4 28. Nb6 Bxb6 29. Rxc8 Bxf2+ 30. Kxf2 Qf5+ 31. Kg1 Qxc8 0-1

[Event "Torneo Distrito Chamartin 2015"]
[Site "Madrid ESP"]
[Date "2015.09.08"]
[Round "4.3"]
[White "Cervino Rossel, Cristobal"]
[Black "Moreno Ruiz, Javier"]
[Result "1/2-1/2"]
[WhiteElo "2090"]
[BlackElo "2457"]
[PlyCount "69"]
[EventDate "2015.09.06"]
[EventType "swiss"]
[EventRounds "9"]
[EventCountry "ESP"]
[SourceTitle "Ajedrez en Madrid"]
[Source "lmi"]
[SourceDate "2015.09.06"]
[SourceVersion "1"]
[SourceVersionDate "2015.09.17"]
[SourceQuality "1"]

1. d4 Nf6 2. Nf3 g6 3. b4 Bg7 4. Bb2 O-O 5. c4 d6 6. Nbd2 c5 7. dxc5 dxc5 8. b5
Qa5 9. e3 Rd8 10. Qc2 Bf5 11. Qc3 Qxc3 12. Bxc3 Nbd7 13. Be2 a6 14. O-O axb5
15. cxb5 Nb6 16. Nb3 Na4 17. Be5 Ne4 18. Bc4 Nd6 19. Nbd2 Nc3 20. Rfe1 Ncxb5
21. Bb3 Na3 22. e4 Bd7 23. Rac1 Rac8 24. Bxg7 Kxg7 25. e5 Nf5 26. e6 Bxe6 27.
Bxe6 fxe6 28. Rxe6 Rd6 29. Re5 b6 30. g4 Nd4 31. Rxe7+ Kf8 32. Rce1 Rcd8 33.
Rxh7 R8d7 34. Rxd7 Rxd7 35. Ne5 1/2-1/2

[Event "Torneo Distrito Chamartin 2015"]
[Site "Madrid ESP"]
[Date "2015.09.08"]
[Round "4.4"]
[White "Martin Duque, Jesus"]
[Black "Quispe Arteaga, Gabriel"]
[Result "1-0"]
[WhiteElo "2374"]
[BlackElo "2081"]
[PlyCount "93"]
[EventDate "2015.09.06"]
[EventType "swiss"]
[EventRounds "9"]
[EventCountry "ESP"]
[SourceTitle "Ajedrez en Madrid"]
[Source "lmi"]
[SourceDate "2015.09.06"]
[SourceVersion "1"]
[SourceVersionDate "2015.09.17"]
[SourceQuality "1"]

1. Nf3 d5 2. c4 e6 3. e3 Nf6 4. b3 b6 5. Bb2 Bb7 6. Be2 Be7 7. O-O O-O 8. Qc2
Nbd7 9. d3 c5 10. Nbd2 Rc8 11. Rac1 Qc7 12. Qb1 Qb8 13. cxd5 Nxd5 14. a3 Bf6
15. Rc2 Bxb2 16. Qxb2 Rfd8 17. Rfc1 Nf8 18. Bf1 Ba6 19. Nc4 Ng6 20. b4 cxb4 21.
axb4 Bb5 22. Qa3 a6 23. g3 h6 24. Bg2 Qa7 25. Nd4 Be8 26. h4 Nge7 27. Kh2 Nc7
28. Ne5 Nb5 29. Rxc8 Rxc8 30. Rxc8 Nxc8 31. Qa1 Nxd4 32. Qxd4 Qc7 33. Qe4 Bb5
34. Nc4 Bxc4 35. dxc4 Nd6 36. Qa8+ Kh7 37. Bf1 Nf5 38. Qxa6 Nxh4 39. Bg2 Nxg2
40. Kxg2 Qc6+ 41. Kg1 Qd6 42. c5 Qd1+ 43. Qf1 Qb3 44. Qc1 Qa4 45. c6 Qa8 46. c7
Qc8 47. Qc6 1-0

[Event "Torneo Distrito Chamartin 2015"]
[Site "Madrid ESP"]
[Date "2015.09.08"]
[Round "4.5"]
[White "Aziz Ortego, Omar Luis"]
[Black "Bolado Saez, Sergio"]
[Result "0-1"]
[WhiteElo "2061"]
[BlackElo "2365"]
[PlyCount "180"]
[EventDate "2015.09.06"]
[EventType "swiss"]
[EventRounds "9"]
[EventCountry "ESP"]
[SourceTitle "Ajedrez en Madrid"]
[Source "lmi"]
[SourceDate "2015.09.06"]
[SourceVersion "1"]
[SourceVersionDate "2015.09.17"]
[SourceQuality "1"]

1. e4 c5 2. c4 e6 3. Nc3 Nc6 4. Nge2 Nf6 5. d4 cxd4 6. Nxd4 d6 7. Be2 Be7 8.
Nc2 b6 9. Be3 Bb7 10. Rc1 O-O 11. O-O Rc8 12. f3 Qc7 13. Qd2 Ne5 14. Na3 Qb8
15. Rfd1 Rfe8 16. Qe1 Bf8 17. Qg3 Rcd8 18. Bd4 Ba8 19. Kh1 Kh8 20. Nc2 Ng6 21.
Bf1 Be7 22. a4 Nh5 23. Qf2 Nf6 24. b4 Nd7 25. a5 Nge5 26. axb6 axb6 27. Ra1 Rc8
28. Qg3 Rg8 29. Na3 Nc6 30. Be3 Nxb4 31. Rab1 Nc6 32. Bf4 Nce5 33. Ncb5 Nf6 34.
Qf2 Nfd7 35. Qd2 Rc6 36. Bg3 Rd8 37. Be2 Nc5 38. Nd4 Rc7 39. Qb4 Ra7 40. Nac2
Rdd7 41. Ne3 h6 42. Ra1 Rxa1 43. Rxa1 Ra7 44. Ra3 Nc6 45. Nxc6 Bxc6 46. h3 Qa8
47. Rxa7 Qxa7 48. Qd2 Nb7 49. Nc2 Qa2 50. Be1 Bg5 51. f4 Bxf4 52. Qxf4 Qxc2 53.
Bf3 Qxc4 54. Kh2 e5 55. Qh4 Qe6 56. Bd2 b5 57. Bb4 Qf6 58. Qe1 Nc5 59. Bd2 Ne6
60. Bd1 Nc5 61. Bc2 Qg6 62. Bb4 Bxe4 63. Bxe4 Nxe4 64. Qe3 d5 65. Be1 d4 66.
Qd3 Nd6 67. Qa3 Nc4 68. Qa8+ Kh7 69. Qb7 d3 70. Qxb5 d2 71. Bxd2 Nxd2 72. Qe2
Ne4 73. Qf3 f5 74. g4 f4 75. Qb3 Nf6 76. Qc3 Qe4 77. Qd2 Qd4 78. Qc2+ e4 79. g5
hxg5 80. h4 g4 81. h5 g3+ 82. Kh3 Qf2 83. Qxf2 gxf2 84. Kg2 e3 85. h6 g5 86.
Kf1 g4 87. Kg2 Ne4 88. Kh2 f3 89. Kh1 f1=Q+ 90. Kh2 g3# 0-1

[Event "Torneo Distrito Chamartin 2015"]
[Site "Madrid ESP"]
[Date "2015.09.08"]
[Round "4.6"]
[White "Urrutia Gonzalez, Javier"]
[Black "Elissalt Cardenas, Hector"]
[Result "0-1"]
[WhiteElo "1946"]
[BlackElo "2350"]
[PlyCount "92"]
[EventDate "2015.09.06"]
[EventType "swiss"]
[EventRounds "9"]
[EventCountry "ESP"]
[SourceTitle "Ajedrez en Madrid"]
[Source "lmi"]
[SourceDate "2015.09.06"]
[SourceVersion "1"]
[SourceVersionDate "2015.09.17"]
[SourceQuality "1"]

1. e4 d6 2. d4 Nf6 3. Nc3 e5 4. Nf3 Nbd7 5. Bc4 Be7 6. a4 O-O 7. O-O b6 8. Re1
Bb7 9. h3 h6 10. Qe2 Re8 11. d5 Qc8 12. Nh4 c6 13. dxc6 Bxc6 14. Nf5 Bf8 15.
Bb5 a6 16. Bxc6 Qxc6 17. Qd3 Nc5 18. Qc4 b5 19. Qe2 b4 20. Nd5 Ncxe4 21. Nxb4
Qb7 22. Nd3 d5 23. a5 Nd6 24. Ng3 e4 25. Nc5 Qc6 26. Nb3 g6 27. Be3 Bg7 28. Nd4
Qb7 29. b3 Nd7 30. Qd2 Kh7 31. Rac1 Rad8 32. h4 Ne5 33. h5 Qc8 34. Qe2 g5 35.
f4 exf3 36. Nxf3 f5 37. Bb6 Ng4 38. Qd2 Ne4 39. Nxe4 dxe4 40. Bxd8 Rxd8 41.
Nxg5+ hxg5 42. Qxg5 Qc5+ 43. Kh1 Nf2+ 44. Kh2 Be5+ 45. g3 Ng4+ 46. Kh3 Qf2 0-1

[Event "Torneo Distrito Chamartin 2015"]
[Site "Madrid ESP"]
[Date "2015.09.08"]
[Round "4.7"]
[White "Bento Iglesias, Pablo"]
[Black "Palenciano Escolar, Adrian"]
[Result "1-0"]
[WhiteElo "1860"]
[BlackElo "2120"]
[PlyCount "115"]
[EventDate "2015.09.06"]
[EventType "swiss"]
[EventRounds "9"]
[EventCountry "ESP"]
[SourceTitle "Ajedrez en Madrid"]
[Source "lmi"]
[SourceDate "2015.09.06"]
[SourceVersion "1"]
[SourceVersionDate "2015.09.17"]
[SourceQuality "1"]

1. e4 c5 2. c3 d5 3. exd5 Qxd5 4. d4 g6 5. Nf3 Bg7 6. Be2 Bg4 7. Be3 cxd4 8.
cxd4 e6 9. Nc3 Qa5 10. O-O Ne7 11. h3 Bxf3 12. Bxf3 Nbc6 13. Qb3 O-O 14. Rfd1
Qb4 15. Qxb4 Nxb4 16. Bxb7 Rab8 17. Be4 f5 18. Bg5 fxe4 19. Bxe7 Rf7 20. Bd6
Rbb7 21. Nxe4 Nc2 22. Rac1 Rxb2 23. Rd2 Bh6 24. f4 Bxf4 25. Bxf4 Rxf4 26. Ng5
Rf5 27. Nf3 Rxa2 28. Rdxc2 Ra6 29. Rc7 h6 30. Rd7 Rf7 31. Rc8+ Kg7 32. Rxf7+
Kxf7 33. Ne5+ Kf6 34. Rf8+ Kg7 35. Rf7+ Kg8 36. Rf6 Ra1+ 37. Kh2 Rd1 38. Rxg6+
Kh7 39. Rxe6 Rxd4 40. Re7+ Kg8 41. Rxa7 h5 42. Nf3 Rd5 43. Kg3 Rc5 44. Re7 Rc2
45. Re5 h4+ 46. Nxh4 Rc3+ 47. Nf3 Rc2 48. Re7 Rc4 49. h4 Rc2 50. h5 Kh8 51. Kh3
Rc3 52. Kh4 Rc2 53. g4 Rc3 54. Ne5 Rb3 55. h6 Rb6 56. Kh5 Kg8 57. Rg7+ Kh8 58.
Nf7# 1-0

[Event "Torneo Distrito Chamartin 2015"]
[Site "Madrid ESP"]
[Date "2015.09.08"]
[Round "4.8"]
[White "Anton Veiga, Juan Carlos"]
[Black "Longa Yauca, Javier"]
[Result "1-0"]
[WhiteElo "2051"]
[BlackElo "2267"]
[PlyCount "105"]
[EventDate "2015.09.06"]
[EventType "swiss"]
[EventRounds "9"]
[EventCountry "ESP"]
[SourceTitle "Ajedrez en Madrid"]
[Source "lmi"]
[SourceDate "2015.09.06"]
[SourceVersion "1"]
[SourceVersionDate "2015.09.17"]
[SourceQuality "1"]

1. e4 Nf6 2. Nc3 Nc6 3. d4 d6 4. Nf3 Bg4 5. Be3 e5 6. Bb5 exd4 7. Qxd4 Bd7 8.
Bxc6 bxc6 9. O-O Be7 10. h3 O-O 11. Rad1 Ne8 12. Rfe1 a5 13. b3 h6 14. Bc1 Qc8
15. Bb2 Be6 16. Na4 Qb7 17. Qd2 c5 18. c4 c6 19. Bc3 Qa6 20. Re3 Ra7 21. Rd3
Kh7 22. g4 Rg8 23. Nh2 g5 24. Nf1 Qb7 25. Ng3 Bf8 26. Nh5 Rg6 27. f3 Be7 28.
Kg2 Qc8 29. Qe2 Qa8 30. R1d2 Qc8 31. Ng3 Bf8 32. Rd1 Kg8 33. Nf5 Qc7 34. Ba1
Kh7 35. Qb2 Rg8 36. Qd2 Qb8 37. Rh1 d5 38. cxd5 cxd5 39. exd5 Bxf5 40. gxf5 Nd6
41. Nxc5 Nxf5 42. Ne4 Rg6 43. Rd1 Raa6 44. Kh1 Qc8 45. Qc3 Qxc3 46. Rxc3 a4 47.
Rc7 axb3 48. Rxf7+ Bg7 49. Bxg7 Nxg7 50. axb3 Kg8 51. Rb7 Nf5 52. Rc1 Ra8 53.
Rc5 1-0

[Event "Torneo Distrito Chamartin 2015"]
[Site "Madrid ESP"]
[Date "2015.09.08"]
[Round "4.9"]
[White "Martinez De Navascues, Francis"]
[Black "Alfaya Marcelo, Roberto"]
[Result "1/2-1/2"]
[WhiteElo "1841"]
[BlackElo "2164"]
[PlyCount "77"]
[EventDate "2015.09.06"]
[EventType "swiss"]
[EventRounds "9"]
[EventCountry "ESP"]
[SourceTitle "Ajedrez en Madrid"]
[Source "lmi"]
[SourceDate "2015.09.06"]
[SourceVersion "1"]
[SourceVersionDate "2015.09.17"]
[SourceQuality "1"]

1. b3 Nf6 2. Bb2 g6 3. Bxf6 exf6 4. c4 Bg7 5. Nc3 O-O 6. e3 d6 7. Nge2 Re8 8.
g3 f5 9. Bg2 Nd7 10. O-O Nf6 11. d4 Rb8 12. b4 c6 13. Qd3 d5 14. cxd5 cxd5 15.
Rfc1 Be6 16. Nf4 g5 17. Nxe6 fxe6 18. Ne2 Qd6 19. a3 Rec8 20. Rxc8+ Rxc8 21.
Rc1 Rxc1+ 22. Nxc1 Qc6 23. Nb3 b6 24. Nd2 Bf8 25. Bf1 a5 26. b5 Qc1 27. a4 Bb4
28. Nf3 Ne4 29. h4 h6 30. hxg5 hxg5 31. g4 Qc7 32. Bh3 Qc1+ 33. Kg2 Qb2 34. Qf1
Nf6 35. Ne5 f4 36. Nd3 Qc3 37. Qe2 Ne4 38. exf4 Qxd4 39. f3 1/2-1/2

[Event "Torneo Distrito Chamartin 2015"]
[Site "Madrid ESP"]
[Date "2015.09.08"]
[Round "4.10"]
[White "Rodriguez Melendez, Juan Humbe"]
[Black "Camarero Izquierdo, Juan Carlo"]
[Result "1-0"]
[WhiteElo "2130"]
[BlackElo "1873"]
[PlyCount "85"]
[EventDate "2015.09.06"]
[EventType "swiss"]
[EventRounds "9"]
[EventCountry "ESP"]
[SourceTitle "Ajedrez en Madrid"]
[Source "lmi"]
[SourceDate "2015.09.06"]
[SourceVersion "1"]
[SourceVersionDate "2015.09.17"]
[SourceQuality "1"]

1. e4 c5 2. Nf3 d6 3. d4 cxd4 4. Nxd4 Nf6 5. Nc3 a6 6. Be3 e6 7. Be2 Be7 8. O-O
O-O 9. f4 Nbd7 10. Kh1 Qc7 11. Bf3 Nc5 12. g4 Rb8 13. g5 Ne8 14. a4 f5 15. exf5
e5 16. Bd5+ Kh8 17. fxe5 dxe5 18. Ne6 Nxe6 19. fxe6 Rxf1+ 20. Qxf1 b6 21. Qf3
Nd6 22. Rf1 g6 23. Qg3 Nf5 24. Qf3 Qd6 25. Rd1 Bxe6 26. Be4 Qb4 27. Bd5 Qxb2
28. Bc1 Bxd5 29. Nxd5 Qxc2 30. Nxe7 Nxe7 31. Qf6+ Kg8 32. Qe6+ Kf8 33. Rf1+ Nf5
34. Ba3+ Kg7 35. Qxe5+ Kf7 36. Rc1 Qxc1+ 37. Bxc1 Re8 38. Qd5+ Re6 39. Ba3 h5
40. gxh6 Nxh6 41. Qd7+ Kf6 42. Bb2+ Kf5 43. Qd5+ 1-0

[Event "Torneo Distrito Chamartin 2015"]
[Site "Madrid ESP"]
[Date "2015.09.09"]
[Round "5.1"]
[White "Suarez Uriel, Adrian"]
[Black "Vazquez Igarza, Renier"]
[Result "1/2-1/2"]
[WhiteElo "2224"]
[BlackElo "2560"]
[PlyCount "108"]
[EventDate "2015.09.06"]
[EventType "swiss"]
[EventRounds "9"]
[EventCountry "ESP"]
[SourceTitle "Ajedrez en Madrid"]
[Source "lmi"]
[SourceDate "2015.09.06"]
[SourceVersion "1"]
[SourceVersionDate "2015.09.17"]
[SourceQuality "1"]

1. e4 c5 2. Nf3 e6 3. d4 cxd4 4. Nxd4 a6 5. Bd3 Qb6 6. Nb3 Qc7 7. O-O Nf6 8.
Nc3 d6 9. f4 Nbd7 10. a4 b6 11. Qe2 Bb7 12. Kh1 Be7 13. Bd2 O-O 14. Rae1 e5 15.
Nd5 Nxd5 16. exd5 Bxd5 17. Bxh7+ Kxh7 18. Qd3+ Kg8 19. Qxd5 Nf6 20. Qd3 Rfe8
21. Bc3 Nd7 22. Rf3 Bf6 23. Rfe3 Qc6 24. Nd4 Qd5 25. Nf5 Qxd3 26. cxd3 Re6 27.
Nxd6 Rxd6 28. fxe5 Bxe5 29. Bxe5 Nxe5 30. Rxe5 Rxd3 31. R5e3 Rd4 32. Re4 Rad8
33. h3 g6 34. R1e3 Kg7 35. Rxd4 Rxd4 36. Rb3 Rd6 37. Kh2 Kf6 38. Re3 Kg5 39.
Kg3 f5 40. Rb3 f4+ 41. Kf3 Kf5 42. h4 Rc6 43. Rb4 g5 44. hxg5 Kxg5 45. Rxf4 a5
46. g4 Rc5 47. Rf8 b5 48. Rh8 Kg6 49. Rh5 Rc4 50. Rxb5 Rxa4 51. Kg3 Rc4 52. Kh4
Rc6 53. Kg3 a4 54. Kf4 Ra6 1/2-1/2

[Event "Torneo Distrito Chamartin 2015"]
[Site "Madrid ESP"]
[Date "2015.09.09"]
[Round "5.2"]
[White "Bolado Saez, Sergio"]
[Black "Roa Alonso, Santiago"]
[Result "0-1"]
[WhiteElo "2365"]
[BlackElo "2383"]
[PlyCount "52"]
[EventDate "2015.09.06"]
[EventType "swiss"]
[EventRounds "9"]
[EventCountry "ESP"]
[SourceTitle "Ajedrez en Madrid"]
[Source "lmi"]
[SourceDate "2015.09.06"]
[SourceVersion "1"]
[SourceVersionDate "2015.09.17"]
[SourceQuality "1"]

1. d4 Nf6 2. c4 e6 3. Nf3 d5 4. Nc3 Be7 5. Bf4 O-O 6. e3 Nbd7 7. c5 Nh5 8. Bd3
Nxf4 9. exf4 c6 10. b4 b6 11. h4 bxc5 12. bxc5 Qa5 13. Rc1 Ba6 14. O-O Rab8 15.
Re1 Bf6 16. Qe2 Nxc5 17. dxc5 Bxc3 18. Bxa6 Rb2 19. Qf1 Bxe1 20. Nxe1 Rxa2 21.
Bd3 Rb8 22. Bb1 Ra1 23. Nf3 g6 24. Ne5 Qd2 25. Nd3 Rb3 26. Kh2 Rxd3 0-1

[Event "Torneo Distrito Chamartin 2015"]
[Site "Madrid ESP"]
[Date "2015.09.09"]
[Round "5.3"]
[White "Fernandez Lledo, Javier"]
[Black "Martin Duque, Jesus"]
[Result "1/2-1/2"]
[WhiteElo "2286"]
[BlackElo "2374"]
[PlyCount "59"]
[EventDate "2015.09.06"]
[EventType "swiss"]
[EventRounds "9"]
[EventCountry "ESP"]
[SourceTitle "Ajedrez en Madrid"]
[Source "lmi"]
[SourceDate "2015.09.06"]
[SourceVersion "1"]
[SourceVersionDate "2015.09.17"]
[SourceQuality "1"]

1. e4 e6 2. d4 d5 3. Nc3 Bb4 4. exd5 exd5 5. Bd3 Nc6 6. a3 Bxc3+ 7. bxc3 Nge7
8. Qf3 Be6 9. Rb1 b6 10. Ne2 Qd7 11. Ng3 O-O 12. h3 Na5 13. O-O Nc4 14. Nh5 f6
15. Re1 Bf7 16. Qxf6 Bxh5 17. Qxe7 Qxe7 18. Rxe7 Rf7 19. Rxf7 Bxf7 20. Kf1 a5
21. Bxc4 dxc4 22. Bf4 Rc8 23. Ke2 Bd5 24. f3 Kf7 25. Be5 g6 26. h4 Ke6 27. Ke3
Kf5 28. g4+ Ke6 29. f4 Kd7 30. Bf6 1/2-1/2

[Event "Torneo Distrito Chamartin 2015"]
[Site "Madrid ESP"]
[Date "2015.09.09"]
[Round "5.4"]
[White "Elissalt Cardenas, Hector"]
[Black "Anton Veiga, Juan Carlos"]
[Result "0-1"]
[WhiteElo "2350"]
[BlackElo "2051"]
[PlyCount "80"]
[EventDate "2015.09.06"]
[EventType "swiss"]
[EventRounds "9"]
[EventCountry "ESP"]
[SourceTitle "Ajedrez en Madrid"]
[Source "lmi"]
[SourceDate "2015.09.06"]
[SourceVersion "1"]
[SourceVersionDate "2015.09.17"]
[SourceQuality "1"]

1. Nf3 d5 2. b3 Bf5 3. Bb2 Nf6 4. e3 h6 5. d3 e6 6. Nbd2 Be7 7. Ne5 Nbd7 8.
Nxd7 Qxd7 9. f4 O-O 10. Be2 Bh7 11. Nf3 c5 12. Qd2 b5 13. a4 a6 14. O-O Rfd8
15. Ne5 Qb7 16. Qe1 Nd7 17. Qg3 f6 18. Ng6 Nf8 19. Nxf8 Kxf8 20. Qh3 Qc6 21.
Bg4 Bg8 22. Bf3 c4 23. axb5 axb5 24. bxc4 bxc4 25. Bd4 Rxa1 26. Rxa1 cxd3 27.
cxd3 Rb8 28. e4 Bc5 29. Bxc5+ Qxc5+ 30. Kh1 Qc2 31. Rd1 Rb1 32. Qg4 Qxd3 33. h3
Rxd1+ 34. Bxd1 Qxe4 35. Bf3 Qe1+ 36. Kh2 Bh7 37. Qh5 Qe3 38. Kg3 Be4 39. h4
Bxf3 40. gxf3 e5 0-1